|
|
|
|
| LEADER |
01956nam a22003733i 4500 |
| 001 |
EBC5779799 |
| 003 |
MiAaPQ |
| 005 |
20240729202202.0 |
| 006 |
m o d | |
| 007 |
cr cnu|||||||| |
| 008 |
240729s2019 xx o ||||0 swe d |
| 020 |
|
|
|a 9789176850459
|q (electronic bk.)
|
| 035 |
|
|
|a (MiAaPQ)EBC5779799
|
| 035 |
|
|
|a (Au-PeEL)EBL5779799
|
| 035 |
|
|
|a (OCoLC)1105344401
|
| 040 |
|
|
|a MiAaPQ
|b eng
|e rda
|e pn
|c MiAaPQ
|d MiAaPQ
|
| 100 |
1 |
|
|a Andersson, Johanna.
|
| 245 |
1 |
0 |
|a Barns Teckningar Som Utgångspunkt I Det Naturvetenskapliga Samtalet.
|
| 250 |
|
|
|a 1st ed.
|
| 264 |
|
1 |
|a Linköping :
|b Linkopings Universitet,
|c 2019.
|
| 264 |
|
4 |
|c {copy}2019.
|
| 300 |
|
|
|a 1 online resource (112 pages)
|
| 336 |
|
|
|a text
|b txt
|2 rdacontent
|
| 337 |
|
|
|a computer
|b c
|2 rdamedia
|
| 338 |
|
|
|a online resource
|b cr
|2 rdacarrier
|
| 490 |
1 |
|
|a Studies in Science and Technology Education Series ;
|v v.106
|
| 505 |
0 |
|
|a Intro -- Abstrakt -- Förord -- Innehållsförteckning -- Artiklar -- Författarens bidrag till artiklarna -- Inledning -- Teoretiskt ramverk -- Metodologiskt ramverk -- Sammanfattning av artiklarnas resultat -- English summary -- Referenser -- Appendix -- Appendix 1. -- Appendix 2. -- Appendix 3. -- Appendix 4. -- Appendix 5. -- Appendix 6. -- Papers.
|
| 588 |
|
|
|a Description based on publisher supplied metadata and other sources.
|
| 590 |
|
|
|a Electronic reproduction. Ann Arbor, Michigan : ProQuest Ebook Central, 2024. Available via World Wide Web. Access may be limited to ProQuest Ebook Central affiliated libraries.
|
| 655 |
|
4 |
|a Electronic books.
|
| 776 |
0 |
8 |
|i Print version:
|a Andersson, Johanna
|t Barns Teckningar Som Utgångspunkt I Det Naturvetenskapliga Samtalet
|d Linköping : Linkopings Universitet,c2019
|
| 797 |
2 |
|
|a ProQuest (Firm)
|
| 830 |
|
0 |
|a Studies in Science and Technology Education Series
|
| 856 |
4 |
0 |
|u https://ebookcentral.proquest.com/lib/matrademy/detail.action?docID=5779799
|z Click to View
|